000 00469nam a2200181Ia 4500
003 OSt
005 20250930142152.0
008 250729s2005 xx 000 0 und d
040 _cAL
041 _aeng
082 _a370.78 TEWR
100 _aTewari A D
_9222867
245 _aResearching ability and school achivement in mathematics
260 _aNew Delhi
_bCommonwealth Publishers
_c2005
300 _a202p
650 _aMathematics
_9222868
942 _2ddc
_cBED
999 _c235645
_d235645